[Event "Manizales op 30th"]
[Site "Manizales"]
[Date "2025.01.10"]
[Round "4"]
[White "Cordoba Perez, Jeronimo"]
[Black "Bustos Acosta, Isauro"]
[Result "1-0"]
[WhiteElo "2028"]
[BlackElo "1779"]
[PlyCount "55"]
[EventDate "2025.01.08"]
[EventType "tourn"]
[EventRounds "7"]
[EventCountry "COL"]
[SourceTitle "CB03_2025"]
[SourceDate "2025.01.15"]
[SourceVersion "1"]
[SourceVersionDate "2025.01.15"]
[SourceQuality "1"]

1. c4 Nf6 2. g3 g6 3. Bg2 Bg7 4. Nc3 d6 5. d4 0-0 6. e4 c6 7. Nge2 Qc7 8. 0-0 Nbd7 9. h3 e5 10. Be3 Re8 11. d5 c5 12. Qd2 a6 13. g4 Kh8 14. Ng3 Rb8 15. a4 b6 16. Bf3 Nf8 17. Kg2 Qe7 18. Rh1 Rb7 19. Be2 Bd7 20. Bg5 Reb8 21. h4 Qe8 22. h5 Ng8 23. Be3 Qc8 24. f3 Bf6 25. Rh2 Qe8 26. Kf2 Bc8 27. Rg1 Rc7 28. Nf5 1-0

[Event "COL-chT sf"]
[Site "Medellin"]
[Date "2024.11.09"]
[Round "4.1"]
[White "Henao, Bernardo Andres"]
[Black "Cordoba Perez, Jeronimo"]
[Result "0-1"]
[WhiteElo "2054"]
[BlackElo "2004"]
[PlyCount "64"]
[EventDate "2024.11.07"]
[EventType "team-swiss"]
[EventRounds "6"]
[EventCountry "COL"]
[SourceTitle "CB49_2024"]
[SourceDate "2024.12.04"]
[SourceVersion "1"]
[SourceVersionDate "2024.12.04"]
[SourceQuality "1"]
[WhiteTeam "Antioquia Goodbye Horses"]
[BlackTeam "Antioquia IUE"]
[WhiteTeamCountry "COL"]
[BlackTeamCountry "COL"]

1. d4 Nf6 2. c4 e6 3. Nf3 d5 4. g3 c6 5. Bg2 dxc4 6. 0-0 b5 7. a4 Bb7 8. Ne5 a6 9. b3 cxb3 10. Qxb3 Qxd4 11. Bb2 Qb4 12. Qc2 Qc5 13. Qb3 Qb6 14. Na3 Bc5 15. Rac1 0-0 16. a5 Qa7 17. e3 Be7 18. Nxc6 Bxc6 19. Bxc6 Nxc6 20. Rxc6 Qb7 21. Rb6 Qd5 22. Qxd5 Nxd5 23. Rc6 Bd8 24. Nc2 h6 25. Ra1 Be7 26. e4 Nb4 27. Nxb4 Bxb4 28. Ba3 Bxa3 29. Rxa3 Rfb8 30. Rb3 Rd8 31. Rbc3 Rd1+ 32. Kg2 Ra1 0-1

[Event "Medellin Castro Memorial op-B 31st"]
[Site "Medellin"]
[Date "2024.08.08"]
[Round "3"]
[White "Cordoba Perez, Jeronimo"]
[Black "Mesa, Francisco Alonso Jr"]
[Result "1-0"]
[WhiteElo "1961"]
[BlackElo "1833"]
[PlyCount "47"]
[EventDate "2024.08.07"]
[EventType "swiss"]
[EventRounds "9"]
[EventCountry "COL"]
[SourceTitle "CBM 221 Extra"]
[Source "ChessBase"]
[SourceDate "2024.09.30"]
[SourceVersion "1"]
[SourceVersionDate "2024.09.30"]
[SourceQuality "1"]

1. c4 Nf6 2. Nc3 g6 3. g3 Bg7 4. Bg2 0-0 5. d4 c6 6. e4 d6 7. Nge2 Qc7 8. 0-0 e5 9. h3 Nbd7 10. Be3 Re8 11. Qc2 Nf8 12. Rad1 Ne6 13. d5 Nf8 14. dxc6 bxc6 15. c5 dxc5 16. Bxc5 Ba6 17. Bd6 Qb7 18. Na4 Qb5 19. Nec3 Qa5 20. b4 Qd8 21. Bxf8 Qc8 22. Bxg7 Bxf1 23. Bxf6 Bxg2 24. Kxg2 1-0

[Event "Medellin Antioquia-ch"]
[Site "Medellin"]
[Date "2024.05.01"]
[Round "2"]
[White "Ramos Rendon, Jose David"]
[Black "Cordoba Perez, Jeronimo"]
[Result "0-1"]
[WhiteElo "1650"]
[BlackElo "1968"]
[PlyCount "68"]
[EventDate "2024.05.01"]
[EventType "swiss"]
[EventRounds "7"]
[EventCountry "COL"]
[SourceTitle "CBM 220 Extra"]
[Source "ChessBase"]
[SourceDate "2024.07.31"]
[SourceVersion "1"]
[SourceVersionDate "2024.07.31"]
[SourceQuality "1"]

1. e4 e6 2. d4 d5 3. exd5 exd5 4. Nf3 Bd6 5. Bd3 Ne7 6. c3 Bg4 7. Be3 f5 8. g3 0-0 9. Nbd2 Nd7 10. Qc2 Nf6 11. h3 Bxf3 12. Nxf3 Ne4 13. 0-0-0 c6 14. Rdg1 g6 15. Ne5 c5 16. f4 Rc8 17. g4 Bxe5 18. dxe5 d4 19. gxf5 Nxf5 20. Bxe4 Nxe3 21. Qb3+ Kh8 22. Qxb7 Rc7 23. Qa6 Rxf4 24. Bxg6 hxg6 25. Qxg6 Qf8 26. e6 Rf6 27. Qh5+ Rh7 28. Qe5 Qh6 29. Qxc5 d3 30. e7 Rxe7 31. Rg5 Nf5 32. Rhg1 Rg7 33. h4 Nxh4 34. Kb1 Rxg5 0-1

[Event "Medellin Flores op 30th"]
[Site "Medellin"]
[Date "2023.08.04"]
[Round "2"]
[White "Cordoba Perez, Jeronimo"]
[Black "Guerra Verano, Diana"]
[Result "1-0"]
[WhiteElo "1935"]
[BlackElo "1634"]
[PlyCount "69"]
[EventDate "2023.08.03"]
[EventType "swiss"]
[EventRounds "9"]
[EventCountry "COL"]
[SourceTitle "EXT 2024"]
[Source "ChessBase"]
[SourceDate "2023.10.10"]
[SourceVersion "1"]
[SourceVersionDate "2023.10.10"]
[SourceQuality "1"]

1. e4 c5 2. Nf3 e6 3. c4 d6 4. d4 cxd4 5. Nxd4 a6 6. Nc3 Nf6 7. Be2 Be7 8. 0-0 b6 9. Be3 Bb7 10. f3 0-0 11. Qd2 Nbd7 12. Rfd1 Qc7 13. Rac1 Rfe8 14. Bf1 Rac8 15. b3 Qb8 16. Nc2 Bd8 17. Bf4 Ne5 18. Bg3 Bc7 19. Ne3 Red8 20. Bh4 h5 21. Bxf6 gxf6 22. f4 Ng4 23. Nxg4 hxg4 24. g3 Kf8 25. Qe2 f5 26. exf5 Bf3 27. Qd2 Bxd1 28. Qxd1 exf5 29. Nd5 b5 30. Qd4 Kg8 31. Qf6 Qa7+ 32. Kg2 b4 33. Ne7+ Kf8 34. Ng6+ Kg8 35. Qh8# 1-0

[Event "COL-ch U20"]
[Site "Barranquilla"]
[Date "2022.07.08"]
[Round "4"]
[White "Mesa Baez, Samuel"]
[Black "Cordoba Perez, Jeronimo"]
[Result "1-0"]
[WhiteElo "1907"]
[BlackElo "1838"]
[PlyCount "83"]
[EventDate "2022.07.06"]
[EventType "swiss"]
[EventRounds "9"]
[EventCountry "COL"]
[SourceTitle "EXT 2023"]
[Source "ChessBase"]
[SourceDate "2022.10.05"]
[SourceVersion "1"]
[SourceVersionDate "2022.10.05"]
[SourceQuality "1"]

1. e4 e6 2. d4 d5 3. Nc3 Bb4 4. e5 c5 5. a3 Bxc3+ 6. bxc3 Ne7 7. Qg4 0-0 8. Bd3 Nd7 9. Bg5 f5 10. Qh4 Rf7 11. Bxf5 Rxf5 12. Bxe7 Qa5 13. Ne2 cxd4 14. Bb4 Qa4 15. Qd8+ Nf8 16. Nxd4 Rf7 17. Nxe6 Qd7 18. Qxd7 Nxd7 19. Nc7 Nb6 20. Nxa8 Nxa8 21. 0-0-0 Be6 22. c4 Nc7 23. cxd5 Bxd5 24. c4 Bc6 25. Rd8+ Ne8 26. f3 Rf4 27. Kb2 Kf7 28. e6+ Kf6 29. Kb3 a5 30. Bxa5 Kxe6 31. Re1+ Kf7 32. Bb4 Nf6 33. Rf8+ Kg6 34. Bc3 Rh4 35. h3 b5 36. Bxf6 gxf6 37. Re6 bxc4+ 38. Kc3 Bb5 39. Rexf6+ Kg7 40. R6f7+ Kg6 41. Rf4 Rh5 42. Rg4+ 1-0

[Event "Medellin Easter op 10th"]
[Site "Medellin"]
[Date "2022.04.17"]
[Round "8"]
[White "Cordoba Perez, Jeronimo"]
[Black "Moncada Correa, Sara"]
[Result "1/2-1/2"]
[WhiteElo "1832"]
[BlackElo "1975"]
[PlyCount "80"]
[EventDate "2022.04.13"]
[EventType "swiss"]
[EventRounds "8"]
[EventCountry "COL"]
[SourceTitle "CBM 207 Extra"]
[Source "ChessBase"]
[SourceDate "2022.05.31"]
[SourceVersion "1"]
[SourceVersionDate "2022.05.31"]
[SourceQuality "1"]

1. c4 Nf6 2. Nc3 c6 3. e4 e5 4. Nf3 Qa5 5. Be2 Bb4 6. Qc2 0-0 7. 0-0 Na6 8. d3 d5 9. exd5 cxd5 10. Bg5 e4 11. dxe4 Bxc3 12. Qxc3 Qxc3 13. bxc3 dxe4 14. Nd2 Nc5 15. Nb3 Na4 16. Rac1 Nd7 17. f3 exf3 18. Bxf3 Ne5 19. Bd5 Be6 20. Bxb7 Rab8 21. Bd5 Nxc4 22. Bxe6 fxe6 23. Rfe1 e5 24. Re4 Rbc8 25. Nd2 Nab2 26. Rb1 Nxd2 27. Bxd2 Nc4 28. Be3 Rf7 29. Rb4 Rfc7 30. Kf2 Kf7 31. Ke2 Ke6 32. Bf2 Nd6 33. Re3 Nf5 34. Rh3 Rxc3 35. Rxc3 Rxc3 36. Ra4 Rc2+ 37. Kf1 Rc1+ 38. Ke2 Rc2+ 39. Kf1 Rc1+ 40. Ke2 Rc2+ 1/2-1/2

[Event "Medellin Easter op 10th"]
[Site "Medellin"]
[Date "2022.04.15"]
[Round "4"]
[White "Cordoba Perez, Jeronimo"]
[Black "Pardo, Alejandro"]
[Result "1/2-1/2"]
[WhiteElo "1832"]
[BlackElo "2153"]
[PlyCount "70"]
[EventDate "2022.04.13"]
[EventType "swiss"]
[EventRounds "8"]
[EventCountry "COL"]
[SourceTitle "CBM 207 Extra"]
[Source "ChessBase"]
[SourceDate "2022.05.31"]
[SourceVersion "1"]
[SourceVersionDate "2022.05.31"]
[SourceQuality "1"]

1. c4 Nf6 2. g3 c6 3. Bg2 d5 4. Nf3 g6 5. 0-0 Bg7 6. b3 Ne4 7. d4 0-0 8. Bb2 dxc4 9. bxc4 Qb6 10. Qb3 Qa6 11. Nbd2 Nxd2 12. Nxd2 Rd8 13. e3 Nd7 14. Rfc1 e5 15. Ne4 Qb6 16. c5 Qxb3 17. axb3 exd4 18. exd4 Nf8 19. Nd6 Ne6 20. Rc4 a6 21. Ra2 Bf8 22. Ba3 Nc7 23. Nxc8 Raxc8 24. Bb4 Nb5 25. Rd2 Rd7 26. d5 cxd5 27. Rxd5 Rcc7 28. Ba5 Rxd5 29. Bxd5 Rd7 30. Bf3 Nd4 31. Bxb7 Rxb7 32. Rxd4 Bxc5 33. Rc4 Rb5 34. b4 Bb6 35. Bxb6 Rxb6 1/2-1/2

[Event "COL-ch U16"]
[Site "Bogota"]
[Date "2021.03.28"]
[Round "7"]
[White "Toro Castaneda, Miguel Angel"]
[Black "Cordoba Perez, Jeronimo"]
[Result "1/2-1/2"]
[WhiteElo "2035"]
[BlackElo "1812"]
[PlyCount "89"]
[EventDate "2021.03.24"]
[EventType "swiss"]
[EventRounds "7"]
[EventCountry "COL"]
[SourceTitle "EXT 2022"]
[Source "ChessBase"]
[SourceDate "2021.10.06"]
[SourceVersion "1"]
[SourceVersionDate "2021.10.06"]
[SourceQuality "1"]

1. e4 e6 2. d3 d5 3. Nd2 Nf6 4. Ngf3 b6 5. g3 dxe4 6. dxe4 Bb7 7. Bb5+ c6 8. Bd3 Nbd7 9. e5 Ng4 10. Qe2 Qc7 11. Nc4 b5 12. Nd6+ Bxd6 13. exd6 Qxd6 14. Bf4 Qc5 15. Rd1 Ngf6 16. 0-0 Qh5 17. Rfe1 0-0 18. Ne5 Qxe2 19. Bxe2 Nxe5 20. Bxe5 Rfd8 21. a3 Nd5 22. b3 f6 23. Bb2 Nb6 24. f4 Kf7 25. Bh5+ g6 26. Bf3 Rac8 27. Bd4 Rc7 28. Bxb6 Rxd1 29. Rxd1 axb6 30. Rd8 Ke7 31. Rb8 Rd7 32. Kf2 Kd6 33. Ke3 e5 34. fxe5+ Kxe5 35. Bg4 f5 36. Bf3 g5 37. Re8+ Kf6 38. Rf8+ Rf7 39. Rb8 Rd7 40. Rf8+ Rf7 41. Rb8 Re7+ 42. Kf2 Ke5 43. Ke3 Kf6+ 44. Kf2 Ke5 45. Ke3 1/2-1/2

[Event "COL-ch U16"]
[Site "Bogota"]
[Date "2021.03.27"]
[Round "6"]
[White "Cordoba Perez, Jeronimo"]
[Black "Campos Gomez, Manuel"]
[Result "1/2-1/2"]
[WhiteElo "1812"]
[BlackElo "1994"]
[PlyCount "69"]
[EventDate "2021.03.24"]
[EventType "swiss"]
[EventRounds "7"]
[EventCountry "COL"]
[SourceTitle "EXT 2022"]
[Source "ChessBase"]
[SourceDate "2021.10.06"]
[SourceVersion "1"]
[SourceVersionDate "2021.10.06"]
[SourceQuality "1"]

1. c4 e5 2. g3 d5 3. cxd5 Qxd5 4. Nf3 Nc6 5. Nc3 Qd8 6. Bg2 Nf6 7. 0-0 Bc5 8. d3 h6 9. a3 a6 10. b4 Ba7 11. Bb2 0-0 12. Rc1 Be6 13. Nd2 Nd5 14. Nxd5 Bxd5 15. Ne4 Re8 16. Nc5 Bxg2 17. Kxg2 Rb8 18. e3 Ne7 19. Qg4 Bxc5 20. Rxc5 Ng6 21. Qc4 c6 22. h4 Qd6 23. Qe4 Rbd8 24. Rd1 h5 25. Qf5 b6 26. Rc2 Qd5+ 27. Kh2 e4 28. Qxd5 cxd5 29. Rc6 Rc8 30. Rxc8 Rxc8 31. Bd4 Rc2 32. dxe4 dxe4 33. Kg2 b5 34. Ra1 Ne7 35. Bc5 1/2-1/2

[Event "COL-ch U16"]
[Site "Bogota"]
[Date "2021.03.25"]
[Round "3"]
[White "Cordoba Perez, Jeronimo"]
[Black "Lopez Ramirez, David Santiago"]
[Result "1/2-1/2"]
[WhiteElo "1812"]
[BlackElo "1996"]
[PlyCount "84"]
[EventDate "2021.03.24"]
[EventType "swiss"]
[EventRounds "7"]
[EventCountry "COL"]
[SourceTitle "EXT 2022"]
[Source "ChessBase"]
[SourceDate "2021.10.06"]
[SourceVersion "1"]
[SourceVersionDate "2021.10.06"]
[SourceQuality "1"]

1. c4 e6 2. g3 d5 3. Bg2 a6 4. cxd5 exd5 5. Nf3 Nf6 6. 0-0 g6 7. b3 Bg7 8. Bb2 0-0 9. d3 Re8 10. Nbd2 a5 11. a3 Na6 12. Rc1 c6 13. Re1 Nc7 14. Qc2 Bf5 15. Nd4 Qd7 16. Nxf5 Qxf5 17. e4 Qd7 18. Rcd1 Nh5 19. Bxg7 Nxg7 20. Nf1 Qd6 21. Qb2 f5 22. Ne3 d4 23. Nc4 Qd8 24. e5 Nb5 25. f4 a4 26. b4 Ne6 27. Na5 Rxa5 28. bxa5 Qxa5 29. Rb1 Qc3 30. Qxc3 dxc3 31. Bd5 Nbd4 32. Bxe6+ Rxe6 33. Kf2 b5 34. Rec1 c2 35. Rb2 g5 36. Rb4 c5 37. Rxd4 cxd4 38. Rxc2 gxf4 39. gxf4 b4 40. axb4 Rb6 41. Rc4 a3 42. Rc8+ Kf7 1/2-1/2